| 000 | 00587nam a22001815i 4500 | ||
|---|---|---|---|
| 001 | 165344 | ||
| 003 | ES-MaACL | ||
| 005 | 20230906213122.0 | ||
| 008 | 050819s1879 sp | |||||||| ||spa d | ||
| 040 |
_aCAM _bspa _cCAM |
||
| 080 | _a821.134.2-14"18" | ||
| 100 | 1 |
_aSiles, José de _9132726 |
|
| 245 | 1 | 0 |
_aKristian _b: poema dramático / _cJosé de Siles. |
| 260 |
_aMadrid : _b[s.n.], _c1879 ( _fImprenta de A. Florez y compañía) |
||
| 300 |
_a51 p. ; _c16 cm. |
||
| 852 |
_aES-MaACL _jT-299-F-2 _z-- Enc. hol. _z-- Enc. en un vol. facticio |
||
| 999 |
_c165344 _d165344 |
||